| 000 | 00698cam a22002411 4500 | ||
|---|---|---|---|
| 001 | he 68000402 | ||
| 003 | DLC | ||
| 005 | 20260227111453.0 | ||
| 008 | 840716s1880 un 000 0 heb | ||
| 010 | _ahe 68000402 | ||
| 035 | _a(OCoLC)19189179 | ||
| 040 |
_aDLC _cMH _dDLC |
||
| 042 | _apremarc | ||
| 050 | 0 | 0 |
_aBM522.85 _b.C4739 |
| 100 | 1 |
_aSchick, Moses ben Joseph, _d1807-1879. |
|
| 245 | 1 | 0 |
_aSheʼelot u-teshuvot Maharam Shiḳ : _b...ʻal Shulḥan ʻarukh... |
| 260 |
_aMukachevo : _bBi-defus P. Blayer, _c1880- |
||
| 300 |
_av. ; _c38 cm. |
||
| 500 | _aVol. 2 printed in Lemberg. | ||
| 650 | 0 |
_aResponsa _y1800-1948. |
|
| 752 |
_aUkraine _dMukachevo |
||
| 752 |
_aUkraine _dLemberg |
||
| 999 |
_c32909 _d32909 |
||